Number one kid / (Record no. 5878)

MARC details
000 -LEADER
fixed length control field 00991nam a22003017a 4500
001 - CONTROL NUMBER
control field 5878
003 - CONTROL NUMBER IDENTIFIER
control field FISKH
005 - DATE AND TIME OF LATEST TRANSACTION
control field 20250303104752.0
008 - FIXED-LENGTH DATA ELEMENTS--GENERAL INFORMATION
fixed length control field 250127b cb ||||| |||| 00| 0 eng d
020 ## - INTERNATIONAL STANDARD BOOK NUMBER
International Standard Book Number 9780545332163
040 ## - CATALOGING SOURCE
Original cataloging agency FISKH
Language of cataloging eng
Transcribing agency FISKH
Modifying agency FISKH
050 ## - LIBRARY OF CONGRESS CALL NUMBER
Classification number PZ7.G3626
082 ## - DEWEY DECIMAL CLASSIFICATION NUMBER
Classification number 445
100 ## - MAIN ENTRY--PERSONAL NAME
Personal name Giff, Reilly Patricia
Dates associated with a name (1935–2021)
245 ## - TITLE STATEMENT
Title Number one kid /
Statement of responsibility, etc. Patricia Reilly Giff illustrated by Alasdair Bright
250 ## - EDITION STATEMENT
Edition statement First printing in 2011
260 ## - PUBLICATION, DISTRIBUTION, ETC.
Place of publication, distribution, etc. New York :
Name of publisher, distributor, etc. Scholastic,
Date of publication, distribution, etc. 2011.
300 ## - PHYSICAL DESCRIPTION
Extent 69 pages :
Other physical details illustrations ;
Dimensions 20 cm
505 ## - FORMATTED CONTENTS NOTE
Formatted contents note J<br/>
520 ## - SUMMARY, ETC.
Summary, etc. When Mitchell's father gets a new job and his family moves, he and his sister go to a new school where they must make new friends and adjust to new routines.
521 8# - TARGET AUDIENCE NOTE
Target audience note 450<br/>
Source Lexile<br/>
521 8# - TARGET AUDIENCE NOTE
Target audience note J<br/>
Source Raz-Plus<br/>
650 ## - SUBJECT ADDED ENTRY--TOPICAL TERM
Source of heading or term Friendship
Topical term or geographic name entry element School
650 ## - SUBJECT ADDED ENTRY--TOPICAL TERM
Source of heading or term Moving
Topical term or geographic name entry element Self-confidence
700 ## - ADDED ENTRY--PERSONAL NAME
Personal name Bright, Alasdair
Dates associated with a name illustrator
942 ## - ADDED ENTRY ELEMENTS (KOHA)
Source of classification or shelving scheme Dewey Decimal Classification
Koha item type Books
Suppress in OPAC No
Holdings
Withdrawn status Lost status Source of classification or shelving scheme Damaged status Not for loan Collection Home library Current library Shelving location Date acquired Total Checkouts Full call number Barcode Date last seen Copy number Price effective from Koha item type Date last checked out
    Dewey Decimal Classification     Juvenile Fiction Footprints International School Library Network Toul Kork Campus Footprints International School Library Network Toul Kork Campus TK Primary Library Room(4th Floor), Bookcase 1&2, Shelves 1-16, Dark Blue Books 01/27/2025   GIF 445 PZ7.G3626 FISTK00705 01/27/2025 1 01/27/2025 Books  
    Dewey Decimal Classification     Juvenile Fiction Footprints International School Library Network Toul Kork Campus Footprints International School Library Network Toul Kork Campus TK Primary Library Room(4th Floor), Bookcase 1&2, Shelves 1-16, Dark Blue Books 03/03/2025 1 GIF 445 PZ7.G3626 2025-0716 07/22/2025 2 03/03/2025 Books 07/14/2025
    Dewey Decimal Classification     Juvenile Fiction Footprints International School Library Network Toul Tom Poung Campus Footprints International School Library Network Toul Tom Poung Campus TTP Primary Dark Blue Bookshelves 10/21/2025   GIF 445 PZ7.G3626 FIS00424 10/27/2025 3 10/21/2025 Books